Revolución y Desarrollo /
Сохранить в:
| Соавтор: | |
|---|---|
| Формат: | |
| Язык: | Spanish |
| Опубликовано: |
Masaya, Nicaragua:
Ministerio de Desarrollo Agropecuario y de Reforma Agraria. Centro de Investigación en Reforma Agraria
|
| Предметы: | |
| Метки: |
Добавить метку
Нет меток, Требуется 1-ая метка записи!
|
MARC
| LEADER | 00000nam a22000007a 4500 | ||
|---|---|---|---|
| 003 | cru IIS | ||
| 005 | 20211026144140.0 | ||
| 007 | ta | ||
| 008 | 211026n nq |||p|r|||| 00| |spa d | ||
| 040 | |c cru IIS | ||
| 090 | |a REV0919 | ||
| 110 | 1 | |9 10120 |a Nicaragua. |b Ministerio de Desarrollo Agropecuario y de Reforma Agraria. Centro de Investigación en Reforma Agraria | |
| 245 | 1 | |a Revolución y Desarrollo / |c Ministerio de Desarrollo Agropecuario y de Reforma Agraria. Centro de Investigación en Reforma Agraria | |
| 260 | |a Masaya, Nicaragua: |b Ministerio de Desarrollo Agropecuario y de Reforma Agraria. Centro de Investigación en Reforma Agraria | ||
| 270 | |a Km. 8 carretera 2 Masaya, |c Masaya |d Nicaragua |e Apdo. postal c-80 | ||
| 500 | |a EXISTENCIAS PPS : 1984 (1-3) 1989 (4-5) | ||
| 500 | |a Colección Centroamérica | ||
| 650 | 4 | |9 1919 |a REFORMA AGRARIA | |
| 650 | 4 | |9 2655 |a POLITICA ECONOMICA | |
| 650 | 0 | |9 88 |a MUJERES | |
| 650 | 0 | |9 137 |a REVOLUCION | |
| 650 | 4 | |9 2686 |a POBLACION AGRICOLA | |
| 651 | 0 | |9 128 |a AMERICA CENTRAL | |
| 651 | 0 | |9 308 |a CENTROAMERICA | |
| 942 | |2 ddc |c PP | ||
| 999 | |c 43942 |d 43942 | ||
